Revue thomiste : revue doctrinale de théologie et de philosophie : LXI année, T. LIII, No. I /

Sparad:
Bibliografiska uppgifter
Materialtyp: Bok
Språk:spanska
Ämnen:
Taggar: Lägg till en tagg
Inga taggar, Lägg till första taggen!

MARC

LEADER 00000nam^a2200000^a^4500
001 000318114
005 20250521000000.0
009 20260310113402.379
025 |a Donación sin dato, 1 ejemplar 
037 |a Acervo ITESO - Biblioteca 
041 |a ESP 
082 |a 205.  |b RET 1953 V. 1 
240 1 1 |a [Revue thomiste] 
245 1 0 |a Revue thomiste :  |b revue doctrinale de théologie et de philosophie : LXI année, T. LIII, No. I / 
264 |a Brujas, Bélgica :  |b [Desclée de Brouwer],  |c 1953 
300 |a 674 p. 
336 |a texto  |b txt  |2 rdacontenido 
337 |a sin mediación  |b n  |2 rdamedio 
338 |a volumen  |b nc  |2 rdasoporte 
649 |a XX 
650 |a Teología -  |x Publicaciones Periódicas Belgas -  |x Tema Principal 
650 |a Filosofía -  |x Publicaciones Periódicas Belgas -  |x Tema Principal 
650 |a Ministros Religiosos 
650 |a Virgen María 
650 |a Angeles 
650 |a Creación 
650 |a Fe 
650 |a Bautismo 
650 |a Pecado 
650 |a Lo Sobrenatural 
650 |a Cristología 
650 |a Teología Doctrinal 
650 |a Espiritualidad 
650 |a Biblia -  |x Historia y Crítica 
650 |a Ontología 
650 |a Filosofía del Lenguaje 
650 |a Filosofía -  |x Historia y Crítica 
650 |a Pedro, Santo, Apóstol 
650 |a Aquino, Tomás de, Santo 
650 |a Malebranche, Nicolas 
650 |a Zwingli, Huldrych 
650 |a Diepen, Dom 
650 |a Lavelle, Louis 
650 |a Heidegger, Martin 
650 |a Publicaciones Periódicas Belgas 
910 |a Fondo General 
920 |a Impresos - Libros 
930 |a Colección General 
905 |a 101 
901 |a 0500204968  |b IT1  |c ACC  |i D  |u 20250521 
902 |a https://opac.biblio.iteso.mx/vufind/Record/000318114